LDR 00680naa#a2200193#i#450# 001 EN\\bibl\121947 005 20260603171519.3 011 ## _a2658-638X 100 ## _a20260319b2026####ek#y0engy0150####ca 102 ## _aRU 200 1# _aExistential Forms of Communication in Modern Conditions _eJournal article 210 1# _aMoscow _cMoscow University of the Ministry of Internal Affairs of Russia named after V.Ya. Kikot _d2026 215 ## _a8 с. 608 ## _aJournal article _2local 675 ## _aФилософия. Психология. 1 _z 700 #1 _aPotapov _gMihail Mihaylovich 700 #1 _aBarbashov _gAndrey Borisovich 700 #1 _aGoyhman _gGrigoriy Mihaylovich 856 4# _amosumvd.editorum.ru _u